[Event "ROM-ch U16"]
[Site "Voineasa"]
[Date "2010.04.10"]
[Round "4"]
[White "Palamar, Theodor"]
[Black "Aldea, Robert"]
[Result "0-1"]
[WhiteElo "1748"]
[BlackElo "1753"]
[PlyCount "62"]
[EventDate "2010.04.08"]
[EventType "swiss"]
[EventRounds "9"]
[EventCountry "ROU"]
[SourceTitle "EXT 2020"]
[Source "ChessBase"]
[SourceDate "2019.10.17"]
[SourceVersion "1"]
[SourceVersionDate "2019.10.17"]
[SourceQuality "1"]

1. e4 c6 2. d4 d5 3. Nc3 dxe4 4. Nxe4 Bf5 5. Ng3 Bg6 6. h4 h6 7. Nf3 Nd7 8. Bf4 e6 9. Bd3 Bxd3 10. Qxd3 Ngf6 11. Ne4 Nxe4 12. Qxe4 Nf6 13. Qd3 Bd6 14. Be5 Bxe5 15. Nxe5 Qd5 16. f3 Rd8 17. c3 Qxe5+ 18. dxe5 Rxd3 19. exf6 gxf6 20. Ke2 Rd5 21. g4 Ke7 22. h5 Rhd8 23. Rad1 Rxd1 24. Rxd1 Rxd1 25. Kxd1 f5 26. gxf5 Kf6 27. fxe6 fxe6 28. Ke2 Kg5 29. Ke3 Kxh5 30. Ke4 Kg5 31. Ke5 h5 0-1

[Event "ROM-ch U14 Boys"]
[Site "Voineasa"]
[Date "2008.04.15"]
[Round "6"]
[White "Aldea, Robert"]
[Black "Siclovan, Cristian Daniel"]
[Result "1-0"]
[WhiteElo "1636"]
[BlackElo "2167"]
[PlyCount "91"]
[EventDate "2008.04.08"]
[EventType "swiss"]
[EventRounds "9"]
[EventCountry "ROU"]
[SourceTitle "EXT 2013"]
[Source "ChessBase"]
[SourceDate "2012.11.22"]
[SourceVersion "1"]
[SourceVersionDate "2012.11.22"]
[SourceQuality "1"]

1. e4 e6 2. d4 d5 3. Nc3 Bb4 4. exd5 exd5 5. Be3 Ne7 6. Bd3 Be6 7. Nge2 Nd7 8. 0-0 b6 9. Nf4 Nf6 10. Nh5 Nxh5 11. Qxh5 a6 12. f4 g6 13. Qe2 Qd7 14. Rfe1 0-0 15. Bxa6 c6 16. Bd3 Bf5 17. Bxf5 Nxf5 18. Qf3 Rfd8 19. g4 Nd6 20. Bf2 Ne4 21. Nxe4 dxe4 22. Rxe4 Qd5 23. a3 Bd2 24. Rd1 f5 25. gxf5 gxf5 26. Qg2+ Kh8 27. Re5 Qxg2+ 28. Kxg2 Bxf4 29. Rxf5 Bd6 30. Bg3 Bxg3 31. hxg3 Rd6 32. c3 Kg7 33. Re1 Ra7 34. Ree5 h6 35. d5 Rc7 36. Re6 Rxe6 37. dxe6 Kg6 38. Rf7 Rc8 39. Rb7 b5 40. e7 Kf7 41. Rd7 Re8 42. Rc7 h5 43. Kh3 Ke6 44. Rxc6+ Kd5 45. Rc7 Ke4 46. Rc5 1-0